| 000 | 00707nam a22001934a 4500 | ||
|---|---|---|---|
| 005 | 20100811103246.0 | ||
| 010 | _aENG-99490 | ||
| 020 | _c20.00 | ||
| 035 | _aEN-83022 | ||
| 037 | _bDBAD/PUB | ||
| 082 | _a485 | ||
| 100 |
_aM. S. Zakir Hussain _910598 |
||
| 245 |
_aEasy english for beginners / _cby M. S. Zakir Hussain _b |
||
| 260 |
_aCombitore _bZakir Hussain Publications _c2003 |
||
| 270 |
_a2/390, B2, Noreno Gardens Vadavalli _e41 _bCombitore |
||
| 300 |
_a42 p. _c20 cm (Pbk) |
||
| 942 |
_2ddc _cEN _mMSZ _h485 |
||
| 999 |
_c40849 _d40849 |
||